Bipolar disorder in childhood and early adolescence. (Record no. 1361)

MARC details
000 -LEADER
fixed length control field 01076cam a22003374a 4500
005 - DATE AND TIME OF LATEST TRANSACTION
control field 20260322212057.0
008 - FIXED-LENGTH DATA ELEMENTS--GENERAL INFORMATION
fixed length control field data
010 ## - LIBRARY OF CONGRESS CONTROL NUMBER
LC control number 2002010222
020 ## - INTERNATIONAL STANDARD BOOK NUMBER
International Standard Book Number 9781572308374
020 ## - INTERNATIONAL STANDARD BOOK NUMBER
International Standard Book Number 1572308370
040 ## - CATALOGING SOURCE
Original cataloging agency DLC
Transcribing agency DLC
Modifying agency C#P
041 09 - LANGUAGE CODE
Language code of text/sound track or separate title eng
042 ## - AUTHENTICATION CODE
Authentication code nlmcopyc
-- nlmcopyc
044 ## - COUNTRY OF PUBLISHING/PRODUCING ENTITY CODE
-- United States
050 00 - LIBRARY OF CONGRESS CALL NUMBER
Classification number RJ506.D4
Item number B575 2003
060 10 - NATIONAL LIBRARY OF MEDICINE CALL NUMBER
Classification number WM 207
Item number B6163 2003
082 00 - DEWEY DECIMAL CLASSIFICATION NUMBER
Classification number 618.92/895
Edition information 21
001 - CONTROL NUMBER
control field data
245 00 - TITLE STATEMENT
Title Bipolar disorder in childhood and early adolescence.
Statement of responsibility, etc. edited by Barbara Geller & Melissa P. DelBello.
260 ## - PUBLICATION, DISTRIBUTION, ETC.
Place of publication, distribution, etc. New York :
Name of publisher, distributor, etc. Guilford Press,
Date of publication, distribution, etc. c2003.
300 ## - PHYSICAL DESCRIPTION
Extent x, 342 p. :
Other physical details ill. ;
Dimensions 24 cm.
336 ## - CONTENT TYPE
Content type term text
Content type code txt
Source rdacontent
337 ## - MEDIA TYPE
Media type term unmediated
Media type code n
Source rdamedia
338 ## - CARRIER TYPE
Carrier type term volume
Carrier type code nc
Source rdacarrier
504 ## - BIBLIOGRAPHY, ETC. NOTE
Bibliography, etc. note Includes bibliographical references and index.
650 12 - SUBJECT ADDED ENTRY--TOPICAL TERM
Topical term or geographic name entry element Bipolar Disorder
Authority record control number or standard number https://id.nlm.nih.gov/mesh/D001714
650 22 - SUBJECT ADDED ENTRY--TOPICAL TERM
Topical term or geographic name entry element Adolescent
Authority record control number or standard number https://id.nlm.nih.gov/mesh/D000293
650 22 - SUBJECT ADDED ENTRY--TOPICAL TERM
Topical term or geographic name entry element Child
Authority record control number or standard number https://id.nlm.nih.gov/mesh/D002648
700 1# - ADDED ENTRY--PERSONAL NAME
Personal name Geller, Barbara.
700 1# - ADDED ENTRY--PERSONAL NAME
Personal name DelBello, Melissa P.
Holdings
Withdrawn status Lost status Damaged status Not for loan Home library Current library Shelving location Date acquired Total checkouts Full call number Barcode Date last seen Price effective from Koha item type
        Riverside Riverside General stacks 22/03/2026   618.92/895 21 BC0011407 22/03/2026 22/03/2026 Books